[Event "Red River Shootout 15th"]
[Site "Davis"]
[Date "2017.04.29"]
[Round "1.3"]
[White "Horvath, Andras1"]
[Black "Zachare, Erick Logan"]
[Result "0-1"]
[WhiteElo "1652"]
[BlackElo "1669"]
[PlyCount "120"]
[EventDate "2017.04.29"]
[EventType "team-match"]
[EventRounds "2"]
[EventCountry "USA"]
[SourceTitle "CBM 178 Extra"]
[Source "ChessBase"]
[SourceDate "2017.06.22"]
[SourceVersion "1"]
[SourceVersionDate "2017.06.22"]
[SourceQuality "1"]
[WhiteTeam "Texas"]
[BlackTeam "Oklahoma"]
[WhiteTeamCountry "USA"]
[BlackTeamCountry "USA"]

1. d4 Nf6 2. c4 e6 3. g3 d5 4. Nf3 b6 5. Bg2 Bb7 6. 0-0 Be7 7. Nc3 0-0 8. cxd5 exd5 9. Bg5 Nbd7 10. Rc1 Rc8 11. Nb5 a6 12. Na7 Ra8 13. Nc6 Bxc6 14. Rxc6 Bd6 15. Bf4 Bxf4 16. gxf4 Rc8 17. Ne5 Nb8 18. Rc3 c5 19. dxc5 bxc5 20. Qc2 Qd6 21. Rd1 d4 22. e3 Nd5 23. Bxd5 Qxd5 24. exd4 Qxa2 25. Rxc5 Qe6 26. Qd3 Nd7 27. Nxd7 Qxd7 28. Rdc1 Rb8 29. R1c2 Qg4+ 30. Qg3 Qd1+ 31. Kg2 Qxd4 32. Qe3 Qf6 33. Rc6 Qf5 34. R2c5 Qg4+ 35. Qg3 Qe2 36. Rc2 Qe4+ 37. Qf3 Qxf3+ 38. Kxf3 Rb3+ 39. R6c3 Rfb8 40. Kg2 g6 41. Rxb3 Rxb3 42. Rc6 a5 43. Rc5 Rxb2 44. Rxa5 Rb3 45. Ra4 Kg7 46. Rc4 h5 47. Re4 Kf6 48. Re3 Rb4 49. Kg3 Rb1 50. Kg2 Kf5 51. Re7 f6 52. Ra7 Kxf4 53. Ra4+ Kg5 54. Ra5+ f5 55. Ra6 Rb3 56. Rc6 f4 57. Rc5+ Kg4 58. Rc4 h4 59. Rc1 f3+ 60. Kg1 Kh3 0-1

[Event "Red River Shootout 15th"]
[Site "Davis"]
[Date "2017.04.29"]
[Round "2.3"]
[White "Zachare, Erick Logan"]
[Black "Horvath, Andras1"]
[Result "1-0"]
[WhiteElo "1669"]
[BlackElo "1652"]
[PlyCount "49"]
[EventDate "2017.04.29"]
[EventType "team-match"]
[EventRounds "2"]
[EventCountry "USA"]
[SourceTitle "CBM 178 Extra"]
[Source "ChessBase"]
[SourceDate "2017.06.22"]
[SourceVersion "1"]
[SourceVersionDate "2017.06.22"]
[SourceQuality "1"]
[WhiteTeam "Oklahoma"]
[BlackTeam "Texas"]
[WhiteTeamCountry "USA"]
[BlackTeamCountry "USA"]

1. e4 e6 2. d4 d5 3. exd5 exd5 4. Nf3 Bd6 5. c4 Nf6 6. Nc3 0-0 7. c5 Re8+ 8. Be2 Bf8 9. 0-0 b6 10. b4 a5 11. cxb6 axb4 12. bxc7 Qxc7 13. Nb5 Qb6 14. Bd3 Bd7 15. a4 bxa3 16. Nxa3 Nc6 17. Rb1 Qc7 18. Nb5 Qb8 19. g3 Bd6 20. Nxd6 Qxd6 21. Bf4 Qa3 22. Ne5 Nb4 23. Nxd7 Nxd7 24. Bf5 Nf8 25. Bd6 1-0